| 000 | 00582nam a22001937a 4500 | ||
|---|---|---|---|
| 999 |
_c189492 _d189492 |
||
| 005 | 20220701170605.0 | ||
| 010 | _aUR-11615 | ||
| 020 |
_a9788194847151 _c300.00 |
||
| 035 | _aU-10170 | ||
| 037 |
_bDBAD/PUB _a- |
||
| 082 | _aک | ||
| 100 | _aمجیب احمد | ||
| 245 |
_aپت جھڑ کا موسم / _cمجیب احمد _hا ر د و |
||
| 246 |
_aPat Jhad ka Mausam / _bby Mujeeb Ahmed |
||
| 260 |
_aHyderabad _bMujeeb Publications _c2020 ء |
||
| 270 |
_aH.No. 2-3-48/G, Kadri Bagh, _bHyderabad _e500013 |
||
| 300 |
_a128 ص _c22cm(Hb) |
||
| 942 |
_2ddc _cUR _hک _mم ج ی |
||